| 000 | 01235nam0a2200277 4500 | ||
|---|---|---|---|
| 001 | RU\NLR\BIBL_A\011517821 | ||
| 005 | 20250626083018.0 | ||
| 010 |
_a978-5-7696-3730-8 _92000 |
||
| 035 | _a(NLR Aleph) 011517821 | ||
| 090 |
_a12081378 _c12081378 |
||
| 100 | _a20171108d2012 |||y0rusy50 ca | ||
| 101 | 0 | _arus | |
| 102 | _aRU | ||
| 105 | _ay z 000 y | ||
| 200 | 1 |
_aИйэ тыл уонна санаа күүһэ _eанал таһаарыы № 16 _f"Ийэ тыл" көҥүл түмсүү, Нац. оскуоланы өйүүр Фонда _g[хомуйан оҥордо: Т. И. Петрова] |
|
| 210 |
_aДьокуусай _cБичик _d2012 |
||
| 215 |
_a60,[1] с. _d19 |
||
| 300 | _aНа тит. л. также: Олунньу 13 күнэ - С. А. Новгородов төрөөбүт күнэ, саха тылын күнэ | ||
| 541 | 1 |
_aРодной язык и сила духа _zrus |
|
| 606 | 1 |
_aЯкутский язык _xПреподавание _xСредняя школа _92176068 _3RU\NLR\auth-onl\66373 |
|
| 686 | 1 | _aЧ426.151 | |
| 702 | 1 |
_aПетрова _bТ. И. _gТамара Ивановна _4220 |
|
| 852 |
_aNLR _bОНЛ _jЯкут./2-3515 |
||
| 942 | _cBOOK | ||
| 980 | _aNB | ||